000
00301nam a22001217a 4500
008
160422b xxu||||| |||| 00| 0 eng d
020
_a
9780323016315
020
_a
0323016316
041
_a
eng
080
_a
618.2
245
_a
Contemporary nursing:
_c
Barbara Cherry ; Susan R. Jacob;
942
_2
udc
_c
BK
999
_c
1508
_d
1508